00261nam a22001097a 4500020001800000082001900018100002300037245004100060260002300101300000800124650001900132 a9788184651461 a305.402208 DIE aDietrich, Gabriele aWish like Snakes Innocent Like Doves adelhibISPCKc2011 a160 aWomen in Bible